| 000 | 00682nam a22002177a 4500 | ||
|---|---|---|---|
| 003 | UA-OsUOA | ||
| 001 | 41811 | ||
| 007 | ta | ||
| 008 | 20081015b un ||||| |||| 00| 0 ukr d | ||
| 090 | _a050 | ||
| 942 | _cNP | ||
| 040 |
_aUA-OsUOA _bukr _cUA-OsUOA _dUA-OsUOA |
||
| 245 | _aСвобода | ||
| 955 | _a4 | ||
| 041 | _aukr | ||
| 080 | _a050 | ||
| 260 | _bВидає УНС | ||
| 246 | 3 | 1 | _a2008: №38, 19 вересня; №39, 26 вересня; №40, 3 жовтня |
| 650 | 7 |
_a050 Серійні публікації. Періодика галузі, Організація та інші типи поєднання (співробітництва) _2UDC |
|
| 999 |
_c440260 _d440260 |
||